Gitelmanov syndróm - hypokaliemický renálny tubulárny syndróm

Bibliographic Details
Main Authors: Gazdíková, Katarína, 1968- (Author), Gazdík, František, 1952-2010 (Author), Piják, Michal, 1948- (Author)
Format: Article
Language:Slovak
PhysicalDescription:Obr., tab.
ISSN:1335-0234
Subjects:

MARC

LEADER 00000nab a2200000 a 4500
001 vtls000848992
003 SK-MaSNL
005 20260426165027.0
015 |a SNBRB2003/10-28949 
035 |a CLN000200647 
035 |a urn:nbn:sk:snk-abqy0 
035 |a (urnnbn)urn:nbn:sk:snk:ar-a056t2 
035 |a (uuid)86fd9d09-372b-4c05-a5d8-48f7da517c26 
040 |a SNKBUCL  |b slo  |c SNKBUCL  |e AACR2 
041 0 |a slo 
044 |a xo  |c SK 
080 |a 616.612  |2 1997 
100 1 |a Gazdíková, Katarína,  |d 1968-  |4 aut  |9 13165 
245 1 0 |a Gitelmanov syndróm - hypokaliemický renálny tubulárny syndróm  |c Katarína Gazdíková, František Gazdík, Michal Rastislav Piják 
300 |b Obr., tab. 
504 |a Res. angl., nem., slov. 
504 |a Bibliogr. odkazy 
650 0 7 |a syndróm Gitelmanov  |2 snkbucl  |9 1280503 
650 0 7 |a hypokaliémia  |2 snkbucl  |9 855273 
650 0 7 |a syndróm Bartterov  |2 snkbucl  |9 1280502 
655 7 |a články z novín a časopisov  |2 snkbucl  |9 267496 
700 1 |a Gazdík, František,  |d 1952-2010  |4 aut  |9 1637649 
700 1 |a Piják, Michal,  |d 1948-  |4 aut  |9 212099 
773 0 |t Slovenský lekár  |g Roč. 13 (27), č. 9-10 (2003), s. 309-312  |x 1335-0234 
850 |a Slovenská národná knižnica 
852 |a Slovenská národná knižnica 
954 |a odborná, vedecká literatúra pôvodná (slovenská)  |2 lita 
958 |a article27 
958 |a MI 
958 |a NB 
958 |a OND 
958 |a EUIPO 
992 |a RBX 
999 |c 2859913  |d 2861843